Statistics for GUESS THE SOCIAL MEDIA

Click here to take the quiz!

General Stats

  • This quiz has been taken 29 times
  • The average score is 8 of 9

Answer Stats

Answer% Correct
Facebook
100%
TikTok
100%
Twitter
100%
Youtube
100%
Instagram
96%
Pinterest
96%
WhatsApp
96%
LinkedIn
88%
Tumblr
62%

Score Distribution

Percentile by Number Answered

Percent of People with Each Score

Your Score History

You have not taken this quiz